000 00417nam a2200181Ia 4500
001 10779
005 20260306161857.0
008 260306t1951||||xx |||||||||||||| ||spa||
041 _aESP
082 _a949.5
_bN48
100 _aUre, Percy Neville
_eAUT
245 0 _aJustinian and his age
260 _c1951
300 _a262 páginas :
_c18 cm.
650 _aGEN
654 _aCHU
942 _cLIB
_dJUS
_fJUS
_2ddc
_n
999 _c10779
_d10779